书目信息 |
| 题名: |
旅游环境哲学
|
|
| 作者: | 杨春宇 著 | |
| 分册: | ||
| 出版信息: | 北京 科学出版社 2013 |
|
| 页数: | 220页 | |
| 开本: | 24cm | |
| 丛书名: | 旅游文化与管理系列丛书 | |
| 单 册: | ||
| 中图分类: | F590-05 | |
| 科图分类: | ||
| 主题词: | 旅游环境--哲学 , 旅游环境 , 哲学 | |
| 电子资源: | ||
| ISBN: | 978-7-03-036541-5 | |
| 000 | 01113nam0 22003011 450 | |
| 001 | 519 | |
| 005 | 20140909094906.95 | |
| 010 | @a978-7-03-036541-5@dCNY58.00 | |
| 100 | @a20130605d2013 em y0chiy50 ea | |
| 101 | 0 | @achi |
| 102 | @aCN@b110000 | |
| 105 | @ay z 000yy | |
| 106 | @ar | |
| 200 | 1 | @a旅游环境哲学@ALv You Huan Jing Zhe Xue@e理论与实践@ELi Lun Yu Shi Jian@f杨春宇[等]著@FYang Chun Yu [ Deng ] Zhu |
| 210 | @a北京@c科学出版社@d2013 | |
| 215 | @a220页@d24cm | |
| 225 | 2 | @a旅游文化与管理系列丛书 |
| 300 | @a贵州高校人文社科基地贵州财经大学中国西部现代化发展研究中心驻所研究成果并受中心资助出版 | |
| 304 | @a著者还有:左文超,刘孝蓉,刘晴 | |
| 330 | @a本书分为理论研究和实践研究两部分。理论研究部分将中西方环境哲学思想融会贯通,构建了一种既包含整体观的复杂性思维特性,又具备以科学技术手段为支撑的旅游环境哲学思想体系。 | |
| 461 | 0 | @12001 @a旅游文化与管理系列丛书 |
| 606 | 0 | @a旅游环境@x哲学 |
| 606 | 0 | @a旅游环境 |
| 606 | 0 | @a哲学 |
| 690 | @aF590-05@v5 | |
| 701 | 0 | @a杨春宇@AYang Chun Yu@f(1977~)@4著 |
| 801 | 0 | @aCN@bTANGWEI@c20140603 |
| 905 | @b0836766-68@dF590-05@e416@f3 | |
| 旅游环境哲学:理论与实践/杨春宇[等]著.-北京:科学出版社,2013 |
| 220页;24cm.-(旅游文化与管理系列丛书) |
| 贵州高校人文社科基地贵州财经大学中国西部现代化发展研究中心驻所研究成果并受中心资助出版 |
| ISBN 978-7-03-036541-5:CNY58.00 |
| 本书分为理论研究和实践研究两部分。理论研究部分将中西方环境哲学思想融会贯通,构建了一种既包含整体观的复杂性思维特性,又具备以科学技术手段为支撑的旅游环境哲学思想体系。 |
| ● |
| 相关链接 |
|
|
|
|
正题名:旅游环境哲学
索取号:F590-05/416
 
预约/预借
| 序号 | 登录号 | 条形码 | 馆藏地/架位号 | 状态 | 备注 |
| 1 | 0836766 | 208367667 | 第一样本阅览室/ [索取号:F590-05/416] | 在馆 | |
| 2 | 0836767 | 208367676 | 第一借阅区/ [索取号:F590-05/416] | 在馆 | |
| 3 | 0836768 | 208367685 | 密集书库-海洋学院/ [索取号:F590-05/416] | 在馆 |